000 00338cam a2200133ua 4500
041 _amal
_h
082 _a930
_bKES/BH
100 _aKesavamenon, K P .
245 _aBhoothavum bhaviyum /
_cK P Kesavamenon.
_hTextual Documents
260 _aThrissur :
_bCurrent Books ,
_c1965.
300 _a201 ; .
942 _cBK
999 _c4379
_d4379